000
00236 a2200097 4500
001
39865
100
_a
Lorrain Paul
245
_a
Electromagnetic Field & Waves
260
_a
New Delhi
_b
C B S Publications
_c
1986
090
_c
24863
_d
24863
942
_a
NUST-CAE
_c
M
_c
16517
999
_c
274938
_d
274938